000 01628cab a2200289 4500
001 ABS37232
008 090401t1986 xxu||||| |||| 00| 0 eng d
035 _a(Sirsi) u3080
041 _aeng
100 _aRoome, N.J.
245 _aNew directions in rural policy : recent administrative changes in response to conflict between rural policies
260 _c1986
350 _a0
490 _aTown Planning Review
_v57(3) July 1986,253-262 (11)
520 _aExamines changes in the direction of policies for rural conservation and development in Britain. A new balance is being sought through adjustments to the way conservation policy is implemented and executed. Traditional public sector development agencies now have conservation functions and the voluntary conservation movement is being encouraged to enter into partnership with public conservation bodies. Implications of these changes are considered in relation to three issues : availability of conservation skills; accountability of the system;and problems of policy co-ordination. The need to develop training in conservation practice and to apply management techniques to the performance and organisation of the enlarged conservation sector is identified. References.(Journal Abstract).
650 _aCONSERVATION AGENCIES
650 _aDEVELOPMENT AGENCIES
650 _aENVIRONMENTALLY SENSITIVE AREAS
650 _aGOVERNMENT POLICY
650 _aLand use
_96251
650 _aLANDSCAPE CONSERVATION
650 _aNATURE CONSERVATION
650 _aRURAL DEVELOPMENT
690 _aPLANNING LAW AND PRACTICE
942 _n0
948 _c04/03/1997
999 _c1863
_d1863